[Event "NB2 Breyer csoport"]
[Site "Nyergesujfalu"]
[Date "2024.11.03"]
[Round "1.11"]
[White "Kerekes, Gyorgy Jr"]
[Black "Schreck, Daniel"]
[Result "0-1"]
[WhiteElo "1671"]
[BlackElo "1588"]
[PlyCount "92"]
[EventDate "2024.11.03"]
[EventType "team-tourn"]
[EventRounds "9"]
[EventCountry "HUN"]
[Source "chess.hu"]
[SourceDate "2024.11.04"]
[WhiteTeam "Geniusz Tata-Naszaly"]
[BlackTeam "NYVSE"]
[WhiteTeamCountry "HUN"]
[BlackTeamCountry "HUN"]

1. b3 c5 2. Bb2 e6 3. Nf3 d5 4. d4 Nf6 5. e3 Bd6 6. Bd3 O-O 7. O-O b6 8. c4 Bb7
9. Nbd2 Nbd7 10. Re1 Ne4 11. Qc2 Ndf6 12. dxc5 Bxc5 13. Bxf6 Nxf6 14. a3 Rc8
15. Qd1 h6 16. b4 Bd6 17. h3 Re8 18. Rc1 e5 19. e4 dxc4 20. Rxc4 Rxc4 21. Bxc4
Qd7 22. Qb3 Rc8 23. Qd3 Qe7 24. Ba6 Bxa6 25. Qxa6 Rc3 26. Nc4 Bc7 27. Qb5 Qe6
28. Nfxe5 Bxe5 29. Nxe5 a6 30. Qxa6 Qxe5 31. a4 Qd4 32. e5 Rc2 33. Qa8+ Kh7 34.
Re3 Rc1+ 35. Kh2 Qf4+ 36. Rg3 Nh5 37. Qf3 Qxe5 38. Qxf7 Nxg3 39. fxg3 Rc3 40.
Qf2 Kg8 41. a5 b5 42. a6 Qe3 43. Qa2+ Kh8 44. Qb2 Qxg3+ 45. Kh1 Re3 46. Qd2
Re1+ 0-1

[Event "NB2 Breyer csoport"]
[Site "Nyergesujfalu"]
[Date "2024.11.03"]
[Round "1.12"]
[White "Remenyi, Kristof"]
[Black "Nemeth, Zoltan"]
[Result "1/2-1/2"]
[WhiteElo "1543"]
[BlackElo "1573"]
[PlyCount "48"]
[EventDate "2024.11.03"]
[EventType "team-tourn"]
[EventRounds "9"]
[EventCountry "HUN"]
[Source "chess.hu"]
[SourceDate "2024.11.04"]
[WhiteTeam "NYVSE"]
[BlackTeam "Geniusz Tata-Naszaly"]
[WhiteTeamCountry "HUN"]
[BlackTeamCountry "HUN"]

1. b3 d5 2. Bb2 Bf5 3. e3 Nf6 4. Nf3 Nbd7 5. d4 e6 6. c4 Bxb1 7. Rxb1 Bb4+ 8.
Nd2 Ne4 9. Ke2 Nxd2 10. a3 Nxb1 11. axb4 O-O 12. Qxb1 a5 13. b5 c6 14. Ba3 Re8
15. bxc6 bxc6 16. c5 Rb8 17. Kd2 Nf6 18. Bd3 Qc7 19. h4 e5 20. dxe5 Qxe5 21.
Bb2 Ne4+ 22. Ke1 Rxb3 23. Bxe5 Rxb1+ 24. Bxb1 Rxe5 1/2-1/2

[Event "NB2 Breyer csoport"]
[Site "Budapest"]
[Date "2024.11.03"]
[Round "1.1"]
[White "Tomosvary, Attila"]
[Black "Horvath, Gabor"]
[Result "1-0"]
[WhiteElo "2123"]
[BlackElo "2141"]
[PlyCount "84"]
[EventDate "2024.11.03"]
[EventType "team-tourn"]
[EventRounds "9"]
[EventCountry "HUN"]
[Source "chess.hu"]
[SourceDate "2024.11.04"]
[WhiteTeam "Vizugyi SC"]
[BlackTeam "Varosgazda Akademia"]
[WhiteTeamCountry "HUN"]
[BlackTeamCountry "HUN"]

1. e4 c5 2. Nc3 Nc6 3. f4 g6 4. Nf3 Bg7 5. Bb5 Nd4 6. O-O a6 7. Bc4 b5 8. Bd5
Rb8 9. d3 e6 10. Bb3 Ne7 11. Nxd4 cxd4 12. Ne2 O-O 13. Bd2 d5 14. e5 f6 15.
exf6 Bxf6 16. Kh1 Nf5 17. Ng3 Nxg3+ 18. hxg3 Kh8 19. Qe2 Qe7 20. Rae1 Qg7 21.
Bb4 Rg8 22. Bd6 Rb7 23. Be5 Rf7 24. Kg1 g5 25. fxg5 Qxg5 26. Rxf6 Rxf6 27. Bxd4
Rgg6 28. Rf1 Kg8 29. Bxf6 Rxf6 30. Rxf6 Qxf6 31. c3 Qg5 32. Kf2 b4 33. Qe3 Qg7
34. Qc5 Qf6+ 35. Kg1 Bd7 36. Qxb4 Bb5 37. c4 Qd4+ 38. Kh2 e5 39. Qd6 dxc4 40.
Qe6+ Kg7 41. dxc4 Bd7 42. Qe7+ Kh6 1-0

[Event "NB2 Breyer csoport"]
[Site "Budapest"]
[Date "2024.11.03"]
[Round "1.2"]
[White "Frank, Balint"]
[Black "Mika, Janos"]
[Result "1-0"]
[WhiteElo "1999"]
[BlackElo "2104"]
[PlyCount "81"]
[EventDate "2024.11.03"]
[EventType "team-tourn"]
[EventRounds "9"]
[EventCountry "HUN"]
[Source "chess.hu"]
[SourceDate "2024.11.04"]
[WhiteTeam "Varosgazda Akademia"]
[BlackTeam "Vizugyi SC"]
[WhiteTeamCountry "HUN"]
[BlackTeamCountry "HUN"]

1. d4 d6 2. c4 e5 3. d5 f5 4. Nc3 Nf6 5. f3 Nbd7 6. e4 fxe4 7. fxe4 Nc5 8. Qc2
a5 9. Nf3 g6 10. Be2 Bg7 11. O-O O-O 12. Bg5 h6 13. Be3 Ng4 14. Bd2 c6 15. b3
Qb6 16. Kh1 Na6 17. Nd1 cxd5 18. cxd5 Bd7 19. h3 Rac8 20. Qb1 Nf6 21. Ne3 Nh5
22. Qe1 a4 23. Nc4 Qc7 24. Ba5 Qb8 25. Nb6 Rc7 26. Nxa4 Rc2 27. Bd1 Bxa4 28.
Bxc2 Bb5 29. Rf2 Qa7 30. Bd2 Nc5 31. Be3 Qa3 32. Nd2 Rxf2 33. Bxf2 Nf4 34. Nc4
Qa6 35. Bxc5 dxc5 36. Qf1 Qf6 37. g3 Nxd5 38. exd5 Qg5 39. Qf2 e4 40. Rf1 e3
41. Qxe3 1-0

[Event "NB2 Breyer csoport"]
[Site "Budapest"]
[Date "2024.11.03"]
[Round "1.3"]
[White "Balint, Laszlo Dr"]
[Black "Salamon, Laszlo"]
[Result "0-1"]
[WhiteElo "1938"]
[BlackElo "2037"]
[PlyCount "84"]
[EventDate "2024.11.03"]
[EventType "team-tourn"]
[EventRounds "9"]
[EventCountry "HUN"]
[Source "chess.hu"]
[SourceDate "2024.11.04"]
[WhiteTeam "Vizugyi SC"]
[BlackTeam "Varosgazda Akademia"]
[WhiteTeamCountry "HUN"]
[BlackTeamCountry "HUN"]

1. Nf3 c5 2. e4 Nc6 3. d4 cxd4 4. Nxd4 Nf6 5. Nc3 e5 6. Ndb5 d6 7. Bg5 a6 8.
Na3 b5 9. Nd5 Be7 10. Bxf6 Bxf6 11. c3 O-O 12. Bd3 Be6 13. Ne3 g6 14. O-O Bg7
15. Nac2 f5 16. f3 f4 17. Nd5 Bxd5 18. exd5 Ne7 19. Be4 Nf5 20. Bxf5 gxf5 21.
Qd2 Rf6 22. a4 bxa4 23. Rxa4 a5 24. b4 axb4 25. Rxa8 Qxa8 26. Nxb4 Qa7+ 27. Kh1
Rf7 28. Nc6 Qe3 29. Qc2 e4 30. Nd4 Bxd4 31. cxd4 Qxd4 32. fxe4 Qxe4 33. Qd2 Rc7
34. Qa5 Rc2 35. Qd8+ Kf7 36. Qd7+ Kg6 37. Qxd6+ Kh5 38. Rg1 f3 39. h3 Rxg2 40.
Rxg2 f2 41. Qa6 Qe1+ 42. Kh2 f1=Q 0-1

[Event "NB2 Breyer csoport"]
[Site "Budapest"]
[Date "2024.11.03"]
[Round "1.4"]
[White "Botlik, Bela"]
[Black "Kulcsar, Tamas"]
[Result "1-0"]
[WhiteElo "1987"]
[BlackElo "1974"]
[PlyCount "79"]
[EventDate "2024.11.03"]
[EventType "team-tourn"]
[EventRounds "9"]
[EventCountry "HUN"]
[Source "chess.hu"]
[SourceDate "2024.11.04"]
[WhiteTeam "Varosgazda Akademia"]
[BlackTeam "Vizugyi SC"]
[WhiteTeamCountry "HUN"]
[BlackTeamCountry "HUN"]

1. d4 Nf6 2. Nc3 d5 3. Bf4 Bf5 4. f3 e6 5. g4 Bg6 6. h4 h6 7. e3 Bd6 8. h5 Bh7
9. Bd3 Bxd3 10. Qxd3 Bxf4 11. exf4 a6 12. Qe3 Qe7 13. O-O-O Nc6 14. Re1 O-O-O
15. f5 Qb4 16. fxe6 Rhe8 17. Qf4 Nxd4 18. Nge2 Nxe2+ 19. Nxe2 Qa5 20. exf7 Rf8
21. Qf5+ Kb8 22. Qg6 Qxa2 23. Nc3 Qa1+ 24. Nb1 Qa4 25. Qxg7 Qf4+ 26. Nd2 Qd6
27. g5 hxg5 28. h6 Rh8 29. h7 Rdf8 30. Rh6 Qg3 31. Kd1 Nd7 32. Qxh8 Qxe1+ 33.
Kxe1 Rxh8 34. Re6 Rxh7 35. Re7 Nf8 36. Re8+ Ka7 37. Rxf8 Kb6 38. Kf2 Kc6 39.
Kg3 Kd7 40. Rd8+ 1-0

[Event "NB2 Breyer csoport"]
[Site "Budapest"]
[Date "2024.11.03"]
[Round "1.5"]
[White "Varga, Balint"]
[Black "Banhazi, Istvan"]
[Result "1-0"]
[WhiteElo "1762"]
[BlackElo "1926"]
[PlyCount "69"]
[EventDate "2024.11.03"]
[EventType "team-tourn"]
[EventRounds "9"]
[EventCountry "HUN"]
[Source "chess.hu"]
[SourceDate "2024.11.04"]
[WhiteTeam "Vizugyi SC"]
[BlackTeam "Varosgazda Akademia"]
[WhiteTeamCountry "HUN"]
[BlackTeamCountry "HUN"]

1. d4 Nf6 2. Bf4 c5 3. dxc5 Na6 4. e3 Nxc5 5. Nd2 g6 6. c3 Bg7 7. Ngf3 O-O 8.
Be2 b6 9. h3 Bb7 10. O-O Rc8 11. Nb3 Nce4 12. Nfd2 d6 13. Bf3 e5 14. Bh2 Qe7
15. Qe2 d5 16. Bxe4 Nxe4 17. Nxe4 dxe4 18. Rfd1 f5 19. Rd2 f4 20. Qg4 Rc7 21.
exf4 Bc8 22. Qg5 Bf6 23. Qg3 exf4 24. Qxf4 Rc6 25. Re2 Bxc3 26. Qe3 Bf6 27. Rd1
Re6 28. Nd4 Bg5 29. Qb3 Rf7 30. Nxe6 Bxe6 31. Qa4 Bf5 32. g4 Bc8 33. Qxe4 Qf8
34. Qe8 Rxf2 35. Bd6 1-0

[Event "NB2 Breyer csoport"]
[Site "Budapest"]
[Date "2024.11.03"]
[Round "1.6"]
[White "Rozsnyai, Tibor"]
[Black "Russa, Roberto"]
[Result "0-1"]
[WhiteElo "1987"]
[BlackElo "1886"]
[PlyCount "126"]
[EventDate "2024.11.03"]
[EventType "team-tourn"]
[EventRounds "9"]
[EventCountry "HUN"]
[Source "chess.hu"]
[SourceDate "2024.11.04"]
[WhiteTeam "Varosgazda Akademia"]
[BlackTeam "Vizugyi SC"]
[WhiteTeamCountry "HUN"]
[BlackTeamCountry "HUN"]

1. c4 Nf6 2. Nc3 c5 3. g3 g6 4. Bg2 Bg7 5. e4 Nc6 6. Nge2 O-O 7. O-O d6 8. d3
e5 9. Rb1 a6 10. a3 Ne8 11. b4 Nc7 12. Nd5 Bg4 13. f3 Be6 14. bxc5 Rb8 15. cxd6
Qxd6 16. Be3 b5 17. Nxc7 Qxc7 18. cxb5 axb5 19. Nc3 Qa5 20. Nd5 Rfd8 21. Nb4
Nxb4 22. axb4 Qa3 23. Bc5 Bf8 24. Qc1 Qxd3 25. Rd1 Qe2 26. Re1 Qd3 27. Bxf8
Qd4+ 28. Qe3 Kxf8 29. Bf1 Ke7 30. Kf2 Bc4 31. Red1 Qxe3+ 32. Kxe3 Rxd1 33. Rxd1
Bxf1 34. Rxf1 Ra8 35. h4 Ra3+ 36. Kd2 Rb3 37. h5 Rxb4 38. hxg6 hxg6 39. Kc3
Rc4+ 40. Kb3 Rd4 41. g4 Kf6 42. f4 Rxe4 43. g5+ Ke6 44. fxe5 Rxe5 45. Rg1 Re4
46. Kc3 Kf5 47. Kd3 Re7 48. Kc3 Re4 49. Kd3 b4 50. Rg2 Rg4 51. Rf2+ Ke6 52.
Re2+ Kd5 53. Re7 Rf4 54. Re1 Rf3+ 55. Kc2 Kc4 56. Re4+ Kb5 57. Re8 Kc4 58. Rc8+
Kd5 59. Rb8 b3+ 60. Kb2 Ke4 61. Rb4+ Kf5 62. Rb5+ Kg4 63. Kb1 Rf5 0-1

[Event "NB2 Breyer csoport"]
[Site "Budapest"]
[Date "2024.11.03"]
[Round "1.7"]
[White "Ramadan, Erik"]
[Black "Li, Changxing"]
[Result "1/2-1/2"]
[WhiteElo "1716"]
[BlackElo "1863"]
[PlyCount "66"]
[EventDate "2024.11.03"]
[EventType "team-tourn"]
[EventRounds "9"]
[EventCountry "HUN"]
[Source "chess.hu"]
[SourceDate "2024.11.04"]
[WhiteTeam "Vizugyi SC"]
[BlackTeam "Varosgazda Akademia"]
[WhiteTeamCountry "HUN"]
[BlackTeamCountry "HUN"]

1. Nf3 d5 2. c4 c6 3. e3 Nf6 4. Nc3 Nbd7 5. d4 e6 6. Bd3 dxc4 7. Bxc4 b5 8. Bd3
a6 9. a3 c5 10. O-O Bb7 11. Re1 Be7 12. Bf1 cxd4 13. Nxd4 Nc5 14. f3 Rc8 15. b4
Ncd7 16. Bb2 Qb6 17. Kh1 O-O 18. Qb3 Rfd8 19. Rac1 Ne5 20. Nce2 Bd5 21. Qd1 Nc4
22. Qb3 e5 23. Nf5 Bf8 24. e4 Be6 25. Neg3 g6 26. Nh4 Bh6 27. f4 Bxf4 28. Bxc4
Bxc4 29. Qf3 Rd3 30. Qxd3 Bxd3 31. Rxc8+ Kg7 32. Nf3 Ng4 33. Rc5 f6 1/2-1/2

[Event "NB2 Breyer csoport"]
[Site "Budapest"]
[Date "2024.11.03"]
[Round "1.8"]
[White "Papp, Bence"]
[Black "Kiss, Balazs Dr"]
[Result "0-1"]
[WhiteElo "1812"]
[BlackElo "1837"]
[PlyCount "68"]
[EventDate "2024.11.03"]
[EventType "team-tourn"]
[EventRounds "9"]
[EventCountry "HUN"]
[Source "chess.hu"]
[SourceDate "2024.11.04"]
[WhiteTeam "Varosgazda Akademia"]
[BlackTeam "Vizugyi SC"]
[WhiteTeamCountry "HUN"]
[BlackTeamCountry "HUN"]

1. e4 Nf6 2. e5 Nd5 3. d4 d6 4. c4 Nb6 5. exd6 exd6 6. Nc3 Be7 7. Nf3 O-O 8.
Be2 Bg4 9. O-O Nc6 10. b3 Bf6 11. Be3 Ne7 12. Ne4 Nf5 13. Nxf6+ Qxf6 14. h3
Bxf3 15. Bxf3 c6 16. Qd3 Nxe3 17. fxe3 Qg5 18. e4 Nd7 19. Rae1 Nf6 20. Bd1 g6
21. e5 Ne8 22. Rf3 Rd8 23. Qc3 Ng7 24. Bc2 Rfe8 25. Ref1 dxe5 26. dxe5 Rd7 27.
Re1 Rde7 28. Rfe3 f6 29. Qa5 a6 30. Qb6 fxe5 31. Rd1 Ne6 32. Rf3 Nd4 33. Rf2
Qe3 34. Rxd4 exd4 0-1

[Event "NB2 Breyer csoport"]
[Site "Budapest"]
[Date "2024.11.03"]
[Round "1.9"]
[White "Marton-John, Almos Kiran"]
[Black "Sandor, Jozsef"]
[Result "1-0"]
[WhiteElo "1904"]
[BlackElo "1872"]
[PlyCount "51"]
[EventDate "2024.11.03"]
[EventType "team-tourn"]
[EventRounds "9"]
[EventCountry "HUN"]
[Source "chess.hu"]
[SourceDate "2024.11.04"]
[WhiteTeam "Vizugyi SC"]
[BlackTeam "Varosgazda Akademia"]
[WhiteTeamCountry "HUN"]
[BlackTeamCountry "HUN"]

1. e4 d6 2. d4 Nf6 3. Nc3 e5 4. d5 Be7 5. Be2 Nbd7 6. Be3 Nf8 7. Qd2 h6 8. f3
N6h7 9. O-O-O Bg5 10. Kb1 Bd7 11. g3 Bxe3 12. Qxe3 Qg5 13. f4 exf4 14. gxf4 Qe7
15. e5 dxe5 16. fxe5 a6 17. d6 Qg5 18. Qf2 Ng6 19. Nf3 Qh5 20. dxc7 Bc6 21. Qc5
Ne7 22. Nd4 Qh4 23. Rhg1 O-O 24. Rg4 Qxh2 25. Qxe7 Rfe8 26. Qd6 1-0

[Event "NB2 Breyer csoport"]
[Site "Budapest"]
[Date "2024.11.03"]
[Round "1.10"]
[White "Berla, Zoltan Mate"]
[Black "Dobos-Ordas, Ivan"]
[Result "1/2-1/2"]
[WhiteElo "1751"]
[BlackElo "1478"]
[PlyCount "67"]
[EventDate "2024.11.03"]
[EventType "team-tourn"]
[EventRounds "9"]
[EventCountry "HUN"]
[Source "chess.hu"]
[SourceDate "2024.11.04"]
[WhiteTeam "Varosgazda Akademia"]
[BlackTeam "Vizugyi SC"]
[WhiteTeamCountry "HUN"]
[BlackTeamCountry "HUN"]

1. e4 e5 2. Nf3 Nc6 3. Bc4 Be7 4. O-O Nf6 5. d3 O-O 6. Be3 d6 7. h3 a6 8. Nc3
Be6 9. Nd2 Qd7 10. f4 Bxc4 11. Nxc4 b5 12. Nd2 d5 13. fxe5 Nxe5 14. Bd4 b4 15.
Bxe5 bxc3 16. bxc3 Qe6 17. Bxf6 Bxf6 18. exd5 Qxd5 19. Rxf6 gxf6 20. Ne4 Qe6
21. Qf3 f5 22. Ng3 Rfe8 23. Nxf5 Qf6 24. Rf1 Rab8 25. Qg4+ Kh8 26. Nh4 Qxc3 27.
Qh5 Re1 28. Nf3 Rxf1+ 29. Kxf1 Rb1+ 30. Kf2 Qxc2+ 31. Kg3 Qxd3 32. Qe5+ Kg8 33.
Qe8+ Kg7 34. Qe5+ 1/2-1/2

[Event "NB2 Breyer csoport"]
[Site "Tatabanya"]
[Date "2024.11.03"]
[Round "1.1"]
[White "Miczki-Nagy, Balazs"]
[Black "Takacs, Laszlo"]
[Result "0-1"]
[WhiteElo "2111"]
[BlackElo "2192"]
[PlyCount "68"]
[EventDate "2024.11.03"]
[EventType "team-tourn"]
[EventRounds "9"]
[EventCountry "HUN"]
[Source "chess.hu"]
[SourceDate "2024.11.04"]
[WhiteTeam "Torokbalinti Sakk SE"]
[BlackTeam "Tatabanyai SC"]
[WhiteTeamCountry "HUN"]
[BlackTeamCountry "HUN"]

1. d4 Nf6 2. c4 e6 3. Nf3 b6 4. g3 Bb7 5. Bg2 Be7 6. O-O O-O 7. Nc3 d5 8. Ne5
c6 9. Qa4 a6 10. Rd1 Qc8 11. Bf4 dxc4 12. Qxc4 b5 13. Qb3 c5 14. Bxb7 Qxb7 15.
dxc5 Bxc5 16. a4 b4 17. Nd3 Be7 18. Be3 Nc6 19. Bc5 Bxc5 20. Nxc5 Na5 21. Qa2
Qc6 22. Nb3 Nxb3 23. Qxb3 bxc3 24. Qxc3 Qxc3 25. bxc3 Rfc8 26. Rdc1 Rc4 27. f3
Rac8 28. Ra3 Nd5 29. e4 Nxc3 30. Kf1 Nxa4 31. Rxc4 Rxc4 32. Ke2 Kf8 33. Kd3 Rb4
34. Kc2 Ke7 0-1

[Event "NB2 Breyer csoport"]
[Site "Tatabanya"]
[Date "2024.11.03"]
[Round "1.2"]
[White "Farkas, Gyula"]
[Black "Bereczki, Istvan"]
[Result "1-0"]
[WhiteElo "2106"]
[BlackElo "2019"]
[PlyCount "27"]
[EventDate "2024.11.03"]
[EventType "team-tourn"]
[EventRounds "9"]
[EventCountry "HUN"]
[Source "chess.hu"]
[SourceDate "2024.11.04"]
[WhiteTeam "Tatabanyai SC"]
[BlackTeam "Torokbalinti Sakk SE"]
[WhiteTeamCountry "HUN"]
[BlackTeamCountry "HUN"]

1. e4 e5 2. Nf3 Nc6 3. Bb5 Bc5 4. O-O Nge7 5. c3 Bb6 6. d4 exd4 7. cxd4 d5 8.
exd5 Nxd5 9. Re1+ Be6 10. Nc3 O-O 11. Bg5 Nxc3 12. bxc3 Qd6 13. Qd3 f6 14. Rxe6
1-0

[Event "NB2 Breyer csoport"]
[Site "Tatabanya"]
[Date "2024.11.03"]
[Round "1.3"]
[White "Sallai, Kalman"]
[Black "Joba, Arpad"]
[Result "0-1"]
[WhiteElo "1957"]
[BlackElo "2104"]
[PlyCount "47"]
[EventDate "2024.11.03"]
[EventType "team-tourn"]
[EventRounds "9"]
[EventCountry "HUN"]
[Source "chess.hu"]
[SourceDate "2024.11.04"]
[WhiteTeam "Torokbalinti Sakk SE"]
[BlackTeam "Tatabanyai SC"]
[WhiteTeamCountry "HUN"]
[BlackTeamCountry "HUN"]

1. e4 c5 2. Nf3 d6 3. d4 cxd4 4. Nxd4 Nf6 5. Nc3 a6 6. Be2 e5 7. Nb3 Be7 8. Be3
Be6 9. O-O O-O 10. Nd5 Nbd7 11. f3 Nxd5 12. exd5 Bf5 13. c4 Rc8 14. Qd2 Bg6 15.
Rac1 f5 16. Rfd1 b5 17. Bf2 Bh4 18. Bd3 e4 19. Bxh4 Qxh4 20. fxe4 f4 21. Rf1
Ne5 22. Bb1 Rxc4 23. Rxc4 Nxc4 24. Qf2 0-1

[Event "NB2 Breyer csoport"]
[Site "Tatabanya"]
[Date "2024.11.03"]
[Round "1.4"]
[White "Simonics, Peter"]
[Black "Hajdu, Roland"]
[Result "1-0"]
[WhiteElo "2105"]
[BlackElo "1862"]
[PlyCount "27"]
[EventDate "2024.11.03"]
[EventType "team-tourn"]
[EventRounds "9"]
[EventCountry "HUN"]
[Source "chess.hu"]
[SourceDate "2024.11.04"]
[WhiteTeam "Tatabanyai SC"]
[BlackTeam "Torokbalinti Sakk SE"]
[WhiteTeamCountry "HUN"]
[BlackTeamCountry "HUN"]

1. e4 c5 2. Nf3 Nc6 3. Nc3 g6 4. d4 cxd4 5. Nxd4 Bg7 6. Be3 Nf6 7. Nxc6 bxc6 8.
e5 Ng8 9. Bd4 e6 10. Ne4 Ne7 11. Nd6+ Kf8 12. Bd3 Qa5+ 13. c3 c5 14. Qf3 1-0

[Event "NB2 Breyer csoport"]
[Site "Tatabanya"]
[Date "2024.11.03"]
[Round "1.5"]
[White "Nagy, Botond"]
[Black "Gaspar, David"]
[Result "0-1"]
[WhiteElo "1809"]
[BlackElo "2077"]
[PlyCount "92"]
[EventDate "2024.11.03"]
[EventType "team-tourn"]
[EventRounds "9"]
[EventCountry "HUN"]
[Source "chess.hu"]
[SourceDate "2024.11.04"]
[WhiteTeam "Torokbalinti Sakk SE"]
[BlackTeam "Tatabanyai SC"]
[WhiteTeamCountry "HUN"]
[BlackTeamCountry "HUN"]

1. e4 Nf6 2. e5 Ng8 3. d4 d6 4. f4 dxe5 5. fxe5 c5 6. c3 e6 7. Nf3 Nc6 8. Be3
cxd4 9. cxd4 Bb4+ 10. Nbd2 Nge7 11. Bd3 Nd5 12. Qe2 Nxe3 13. Qxe3 h6 14. Rd1
Bd7 15. O-O Ne7 16. Qf2 Rf8 17. Ne4 Nd5 18. a3 Be7 19. Nh4 Bc6 20. Nf3 Nf4 21.
Qe3 Nxd3 22. Qxd3 Qb6 23. Rf2 O-O-O 24. Rc1 Kb8 25. Rfc2 f5 26. exf6 gxf6 27.
Qe2 e5 28. Nc5 Bxc5 29. dxc5 Qb3 30. Rc3 Qd5 31. R3c2 e4 32. Nd2 Rg8 33. Qe3 f5
34. Nc4 Bb5 35. Nd6 Bc6 36. Rd2 Qe6 37. b4 a6 38. Qf4 Ka8 39. Nc4 Rxd2 40. Qxd2
e3 41. Qxe3 Rxg2+ 42. Kf1 Qg8 43. Qf4 Bb5 44. Ke1 Qe8+ 45. Qe3 Qxe3+ 46. Nxe3
Re2+ 0-1

[Event "NB2 Breyer csoport"]
[Site "Tatabanya"]
[Date "2024.11.03"]
[Round "1.6"]
[White "Szekely, Csaba"]
[Black "Nagy, Levente"]
[Result "1-0"]
[WhiteElo "2065"]
[BlackElo "1812"]
[PlyCount "71"]
[EventDate "2024.11.03"]
[EventType "team-tourn"]
[EventRounds "9"]
[EventCountry "HUN"]
[Source "chess.hu"]
[SourceDate "2024.11.04"]
[WhiteTeam "Tatabanyai SC"]
[BlackTeam "Torokbalinti Sakk SE"]
[WhiteTeamCountry "HUN"]
[BlackTeamCountry "HUN"]

1. Nf3 Nf6 2. c4 c5 3. Nc3 g6 4. g3 Bg7 5. Bg2 O-O 6. Rb1 Nc6 7. a3 d5 8. cxd5
Nxd5 9. Nxd5 Qxd5 10. O-O Be6 11. b3 Qd7 12. Re1 f6 13. b4 cxb4 14. axb4 b5 15.
d3 Rac8 16. Be3 Bd5 17. Qd2 Bxf3 18. Bxf3 Nd4 19. Bxd4 Qxd4 20. e3 Qd7 21. Ra1
Kh8 22. Ra6 f5 23. Rb1 Rf6 24. Qa2 Rxa6 25. Qxa6 Rc7 26. d4 e5 27. dxe5 Bxe5
28. Rd1 Qe8 29. Rd5 Rc4 30. Rxb5 Qe7 31. Rb7 Rc7 32. Qxa7 Rxb7 33. Qxb7 Qd6 34.
Bd5 Bc3 35. Qc8+ Kg7 36. Qxc3+ 1-0

[Event "NB2 Breyer csoport"]
[Site "Tatabanya"]
[Date "2024.11.03"]
[Round "1.7"]
[White "Bilibok, Csaba"]
[Black "Laszlo, Balazs"]
[Result "0-1"]
[WhiteElo "1831"]
[BlackElo "1950"]
[PlyCount "122"]
[EventDate "2024.11.03"]
[EventType "team-tourn"]
[EventRounds "9"]
[EventCountry "HUN"]
[Source "chess.hu"]
[SourceDate "2024.11.04"]
[WhiteTeam "Torokbalinti Sakk SE"]
[BlackTeam "Tatabanyai SC"]
[WhiteTeamCountry "HUN"]
[BlackTeamCountry "HUN"]

1. d4 d5 2. c4 Nf6 3. Nc3 e6 4. a3 c5 5. Bg5 dxc4 6. dxc5 Nbd7 7. e3 Bxc5 8.
Bxc4 O-O 9. Nf3 a6 10. O-O b5 11. Be2 Bb7 12. Qc2 Rc8 13. Rad1 Qc7 14. Bf4 Qc6
15. e4 b4 16. axb4 Bxb4 17. Ne5 Nxe5 18. Bxe5 Bxc3 19. Bxc3 Nxe4 20. Bf3 Qc4
21. Rfe1 Nxc3 22. bxc3 Bxf3 23. gxf3 Qxc3 24. Qe2 a5 25. Rd3 Qc4 26. Red1 a4
27. Qd2 Qc5 28. Qa2 Qg5+ 29. Kh1 Qf4 30. Kg2 Rc5 31. Qa3 Rg5+ 32. Kf1 Qxh2 33.
Qxa4 Rg1+ 34. Ke2 Qe5+ 35. Re3 Qb2+ 36. Rd2 Qb1 37. Rd1 Rxd1 38. Qxd1 Qxd1+ 39.
Kxd1 g5 40. Ke1 Re8 41. Kf1 Kg7 42. Kg2 Kf6 43. Kg3 e5 44. Rd3 h5 45. Rc3 Kf5
46. Rc7 f6 47. Rc4 e4 48. Rc5+ Re5 49. Rc4 exf3 50. Kxf3 g4+ 51. Kg3 Kg5 52.
Rc8 h4+ 53. Kg2 Kf4 54. Rc4+ Re4 55. Rc3 h3+ 56. Kf1 Rb4 57. Kg1 Rb1+ 58. Kh2
Rf1 59. Rc4+ Kf3 60. Rc5 Rxf2+ 61. Kg1 h2+ 0-1

[Event "NB2 Breyer csoport"]
[Site "Tatabanya"]
[Date "2024.11.03"]
[Round "1.8"]
[White "Szanto, Levente"]
[Black "Palinkas, Tamas"]
[Result "1-0"]
[WhiteElo "1927"]
[BlackElo "1813"]
[PlyCount "28"]
[EventDate "2024.11.03"]
[EventType "team-tourn"]
[EventRounds "9"]
[EventCountry "HUN"]
[Source "chess.hu"]
[SourceDate "2024.11.04"]
[WhiteTeam "Tatabanyai SC"]
[BlackTeam "Torokbalinti Sakk SE"]
[WhiteTeamCountry "HUN"]
[BlackTeamCountry "HUN"]

1. e4 c5 2. Nf3 e6 3. d4 cxd4 4. Nxd4 a6 5. Nc3 Bb4 6. Bd3 Nc6 7. Nxc6 bxc6 8.
O-O d5 9. Qg4 Kf8 10. exd5 Bxc3 11. bxc3 exd5 12. Ba3+ Ne7 13. Qf4 Kg8 14. Qh4
Bb7 1-0

[Event "NB2 Breyer csoport"]
[Site "Tatabanya"]
[Date "2024.11.03"]
[Round "1.9"]
[White "Lengyel, Sandor"]
[Black "Balogh, Erik Zsigmond"]
[Result "0-1"]
[WhiteElo "1815"]
[BlackElo "1980"]
[PlyCount "88"]
[EventDate "2024.11.03"]
[EventType "team-tourn"]
[EventRounds "9"]
[EventCountry "HUN"]
[Source "chess.hu"]
[SourceDate "2024.11.04"]
[WhiteTeam "Torokbalinti Sakk SE"]
[BlackTeam "Tatabanyai SC"]
[WhiteTeamCountry "HUN"]
[BlackTeamCountry "HUN"]

1. e4 e5 2. Nf3 Nc6 3. Bc4 Nf6 4. d3 Bc5 5. Bg5 h6 6. Bh4 d6 7. c3 Be6 8. Bxe6
fxe6 9. Qb3 Qd7 10. O-O O-O 11. Re1 Nh5 12. Na3 g5 13. Bg3 Nxg3 14. hxg3 g4 15.
d4 exd4 16. Nxd4 Nxd4 17. cxd4 Bxd4 18. Re2 Qf7 19. Rf1 e5 20. Qc2 Bc5 21. Nb5
Qxa2 22. Qd2 Kh7 23. Nxc7 Rac8 24. Nd5 Qc4 25. Ne7 Rc7 26. Nf5 Rf6 27. Rc1
Bxf2+ 28. Kxf2 Qxc1 29. Qxc1 Rxc1 30. Rd2 Rc6 31. Ke2 a5 32. Ne3 Rg6 33. Rd1
Rb6 34. Nc4 Rb4 35. Nxd6 Rxb2+ 36. Kf1 a4 37. Nf5 a3 38. Rd7+ Kh8 39. Rd8+ Rg8
40. Rd6 Rf8 41. Rxh6+ Kg8 42. Rg6+ Kf7 43. Rg7+ Kf6 44. Rd7 a2 0-1

[Event "NB2 Breyer csoport"]
[Site "Tatabanya"]
[Date "2024.11.03"]
[Round "1.10"]
[White "Kosa, Andras Jozsef"]
[Black "Kovacs, Andras"]
[Result "1/2-1/2"]
[WhiteElo "1839"]
[BlackElo "1789"]
[PlyCount "48"]
[EventDate "2024.11.03"]
[EventType "team-tourn"]
[EventRounds "9"]
[EventCountry "HUN"]
[Source "chess.hu"]
[SourceDate "2024.11.04"]
[WhiteTeam "Tatabanyai SC"]
[BlackTeam "Torokbalinti Sakk SE"]
[WhiteTeamCountry "HUN"]
[BlackTeamCountry "HUN"]

1. e4 d5 2. exd5 Nf6 3. d4 Nxd5 4. c4 Nf6 5. Nc3 c6 6. Nf3 Bf5 7. Be2 e6 8. O-O
Bd6 9. Bg5 Be7 10. Qb3 Qb6 11. Na4 Qxb3 12. axb3 Nbd7 13. Ne5 Rd8 14. Nxd7 Rxd7
15. Nc5 Bxc5 16. dxc5 a6 17. b4 h6 18. Bf4 O-O 19. Bd6 Rfd8 20. b5 Ne4 21. bxc6
bxc6 22. Rxa6 Nxd6 23. cxd6 Rxd6 24. Bf3 c5 1/2-1/2